000 00579nam a22001937a 4500
999 _c61670
_d61670
005 20240416101646.0
008 240416s2007 enk||||| |||| 00| 0 eng d
020 _a9780470018521x
041 _aeng
080 _a616-006.6 The-44
245 _aThe Cancer Handbook :
_bVolume 1 /
_cEditer Malcolm R. Alison.
250 _aSecond edition
264 _aSan Francisco :
_bWiley,
_c2007
300 _a865 p.:
_bill.;
_c29 cm.
653 _aკიბო
653 _aმედიცინა
700 _aAlison, Malcolm R.
_eრედაქტორი
_921802
942 _2udc
_cBK